00655 a2200169 4500003000500000005001700005040000900022082001200031100002800043245009900071260003200170300001400202505021400216538003000430650001400460651001100474Nust20170207153220.0 cNust a621.382 aRiaz, Asad ur (MSEE-9) aEstimation of intercell interference dynamics in code division multiple accesscAsad ur Riaz  bMCS, NUSTc2006aRawalpindi av,55, p.; aIntroduction to thesis CDMA (page-1) Initial characterization of interference (page-80 Dynamics of interference factor (page-19) Interference factor for handoff (page-31) Conclusions and future work (page-41). aAlmirah No 69 Shelf No 1  aMS Thesis aMSEE-9